| 000 | 01423nam a2200361 a 4500 | ||
|---|---|---|---|
| 001 | 3269233 | ||
| 003 | OSt | ||
| 005 | 20260430111440.0 | ||
| 008 | 810902s1979 nyu b 000 0 eng | ||
| 010 | _a 81178056 | ||
| 035 | _a3269233 | ||
| 040 |
_aDLC _cIRDP _dDLC |
||
| 043 | _ad------ | ||
| 050 | 0 | 0 |
_aHQ1870.9 _b.S7 1979 |
| 082 | 0 | 0 |
_a305 STA _219 |
| 100 | 1 | _aSTAUDT ,KATHLEEN A. | |
| 245 | 1 | 0 |
_aWOMEN AND PARTICIPATION IN RURAL DEVELOPMENT _bA FRAMEWORK FOR PROJECT DESIGN AND PLICY-ORIENTED REEARCH _cKATHLEEN A. STAUDT |
| 260 |
_aITHACA NEW YORK. : _bRURAL DEVELOPMENT COMMITEE CENTER INTERNATIONAL STUDIES CORNELL UNIVERSITY _c1979. |
||
| 300 |
_aii, 78 p. ; _c28 cm. |
||
| 336 |
_atext _btxt _2rdacontent |
||
| 337 |
_aunmediated _bn _2rdamedia |
||
| 338 |
_avolume _bnc _2rdacarrier |
||
| 440 | 0 |
_aRural development monograph ; _vno. 4 |
|
| 490 | 1 |
_aOccasional papers / Rural Development Committee, Cornell University ; _vno. 8 |
|
| 504 | _aIncludes bibliographical references. | ||
| 650 | 0 | _aWomen in rural development. | |
| 650 | 0 |
_aRural women _zDeveloping countries _xEconomic conditions. |
|
| 650 | 0 |
_aSex discrimination against women _zDeveloping countries. |
|
| 830 | 0 |
_aOccasional papers (Cornell University. Rural Development Committee) ; _vno. 8. |
|
| 906 |
_a7 _bcbc _corignew _d3 _encip _f19 _gy-gencatlg |
||
| 942 |
_2ddc _cBOOKS |
||
| 999 |
_c9442 _d9442 |
||